000 00356 a2200169 4500
001 189998
020 _a85-06-01086-1
040 _cMagnum
100 _aZiraldo
240 1 0 _aMeu amigo, o canguru
_lpor
245 1 0 _aMeu amigo, o canguru
300 _a34
362 0 _a1997
440 1 _aMelhoramentos
697 _aLITERATURA INFANTO
942 _cBK
999 _c189998
_d189998